Майки и дъщери (Запис номер 490336)
[ съкратено ]
| 000 -Лидер | |
|---|---|
| Лидер | 01146nam a2200289 a 4500 |
| 003 - Код на организацията, давaща контролен номер | |
| Код на организацията, даваща контролен номер | BLK |
| 005 - Дата и час на последна редакция | |
| Дата и час на последна редакция | 20250717101917.0 |
| 008 - Елементи от данни с фиксирана дължина | |
| Елементи с фиксирана дължина | 230328b bul|||||r ||||||| ||bul|| |
| 020 ## - Международен стандартен номер на книга ISBN | |
| ISBN | 9789543987481 |
| 040 ## - Източник на каталожния запис | |
| Код на библиотеката | BLK |
| 041 ## - Код за език | |
| Език | Български |
| Език за КДБФ | Български |
| 080 ## - УДК | |
| УДК текст | Английска литература |
| УДК код | 821.111 |
| УДК – определител | -31 |
| УДК – код + определител | 821.111-31 |
| 100 1# - Редна дума - Автор | |
| Автор | Джеймс, Ерика |
| R(LIN) | 351086 |
| 245 10 - Сведения за заглавието | |
| Заглавие | Майки и дъщери |
| Подзаглавни данни | Роман |
| Авторска отговорност | Ерика Джеймс; прев. от англ. Максим М. Майер. |
| 257 ## - Страна на издаване | |
| Страна на създаване/издаване | Великобритания |
| 260 ## - Област на издателските данни | |
| Място на издаване | София |
| Име на издателя | Труд |
| Година на издаване | 2023 |
| 9 (RLIN) | 209481 |
| Печатница | [София] : Алианс принт |
| 300 ## - Физическа характеристика | |
| Брой страници | 387 с. |
| Размер | 21 см |
| 380 ## - Жанр | |
| Жанр | Худож. лит. |
| 500 ## - Общи забележки | |
| Обща забележка | Ориг. загла.: Mothers and dauhters / Erica James |
| 700 ## - Други автори (авторска отговорност) | |
| Друг автор | Майер, Максим М. |
| Друга информация | Журналист. Преводач от английски език. |
| Авт. отговорност на др. автор | прев. от англ. |
| 9 (RLIN) | 485462 |
| 852 ## - Местоположение | |
| Отдел | Заемна - подръчен фонд |
| Систематично-азбучна сигнатура | 821-31/Д 50 Е |
| 852 ## - Местоположение | |
| Сигнатура (форматна) | Цб 318493 |
| Отдел | Хранилище |
| 942 ## - АРТИКУЛИ | |
| Вид на библиотечния документ | Книги |
| Скрит в OPAC | Не |
| Koha issues (borrowed), all copies | 135 |
| Периодичен библиозапис | Да |
| 944 ## - СЪЗДАВАНЕ И РЕДАКЦИЯ на ЗАПИСА | |
| Създаване/Редакция | Създаване |
| Дата на регистрацията/редакция | 2023-03-28 |
| Служител, извършил регистрацията/редакцията | 30530 |
| Номер на служител | Минев Младен |
| 944 ## - СЪЗДАВАНЕ И РЕДАКЦИЯ на ЗАПИСА | |
| Създаване/Редакция | Редакция |
| 999 ## - СИСТЕМНИ КОНТРОЛНИ НОМЕРА | |
| Koha biblionumber | 490336 |
| Koha biblioitemnumber | 490336 |
| Код за отписване | Код за изгубен артикул | Източник на класификационната схема | Код за повреда | Коз за рестрикции | Код за отдаване | Артикулен № | Име на библиотеката - собственик | Име на библиотеката, в която се намира в момента | Статус (Текущо местоположение) | Дата на вписване в системата | Местоположение - отдел | Цена в лева | Инвентарен номер | Систематично азбучна сигнатура | Баркод | Цена в евро | Служебен тип на артикула |
|---|---|---|---|---|---|---|---|---|---|---|---|---|---|---|---|---|---|
| Не е изгубен | Universal Decimal Classification | Не е повреден | без рестрикции | заемане за дома | 925816 | Регионална библиотека "Любен Каравелов" Русе | Регионална библиотека "Любен Каравелов" Русе | Заемна - подръчен фонд | 2023-03-29 | Заемна - подръчен фонд | 17.25 | 120000885121 | 821-31/Д 50 Е | 120000885121 | 8.82 | Книги | |
| Не е изгубен | Universal Decimal Classification | Повреден | без рестрикции | заемане за дома | 925817 | Регионална библиотека "Любен Каравелов" Русе | Регионална библиотека "Любен Каравелов" Русе | Заемна - подръчен фонд | 2023-03-29 | Заемна - подръчен фонд | 17.25 | 120000885122 | 821-31/Д 30 Е | 120000885122 | 8.82 | Книги | |
| Не е изгубен | Universal Decimal Classification | Не е повреден | ползва се в читалня | 929982 | Регионална библиотека "Любен Каравелов" Русе | Регионална библиотека "Любен Каравелов" Русе | Хранилище | 2023-07-14 | Хранилище | 23.00 | 120000889369 | Цб 318493 | 120000889369 | 11.76 | Книги |